[Event "WchT Seniors 50"]
[Site "Acqui Terme"]
[Date "2022.06.21"]
[Round "2.1"]
[White "Adams, Michael"]
[Black "Flear, Glenn C"]
[Result "1/2-1/2"]
[WhiteElo "2690"]
[BlackElo "2402"]
[PlyCount "82"]
[EventDate "2022.06.20"]
[EventType "team-swiss"]
[EventRounds "9"]
[EventCountry "ITA"]
[SourceTitle "CBM 209 Extra"]
[Source "ChessBase"]
[SourceDate "2022.09.30"]
[SourceVersion "1"]
[SourceVersionDate "2022.09.30"]
[SourceQuality "1"]
[WhiteTeam "England 50"]
[BlackTeam "England 50 II"]
[WhiteTeamCountry "ENG"]
[BlackTeamCountry "ENG"]

1. e4 e5 2. Nf3 Nc6 3. Bb5 a6 4. Ba4 Nf6 5. d3 Bc5 6. c3 b5 7. Bb3 d6 8. Bg5 h6 9. Bh4 g5 10. Bg3 Be6 11. Bxe6 fxe6 12. a4 b4 13. 0-0 bxc3 14. bxc3 Qd7 15. Nbd2 0-0 16. Nc4 Ba7 17. Rb1 Rab8 18. Rxb8 Rxb8 19. Re1 Qf7 20. d4 exd4 21. e5 Nd5 22. cxd4 Rb4 23. Qc1 Nxd4 24. Nxd4 Bxd4 25. exd6 cxd6 26. Nxd6 Qc7 27. Qd1 Bxf2+ 28. Bxf2 Qxd6 29. g3 Qc6 30. Qd3 Ne7 31. a5 Nf5 32. Rd1 Rc4 33. Qd8+ Kh7 34. Rd7+ Ng7 35. Be3 Rc2 36. Bd2 Qc5+ 37. Kf1 Qf5+ 38. Kg2 Qe4+ 39. Kf2 Qf5+ 40. Kg2 Qe4+ 41. Kf2 Qf5+ 1/2-1/2

[Event "Cassis op 1st"]
[Site "Cassis"]
[Date "2022.05.28"]
[Round "6"]
[White "Flear, Glenn C"]
[Black "Lever, Erwan"]
[Result "1/2-1/2"]
[WhiteElo "2418"]
[BlackElo "2209"]
[PlyCount "126"]
[EventDate "2022.05.26"]
[EventType "swiss"]
[EventRounds "7"]
[EventCountry "FRA"]
[SourceTitle "CBM 208 Extra"]
[Source "ChessBase"]
[SourceDate "2022.07.31"]
[SourceVersion "1"]
[SourceVersionDate "2022.07.31"]
[SourceQuality "1"]

1. d4 Nf6 2. c4 e6 3. Nc3 Bb4 4. Qc2 d5 5. cxd5 exd5 6. Bg5 h6 7. Bxf6 Qxf6 8. a3 Bxc3+ 9. Qxc3 c6 10. e3 Bf5 11. Nf3 Nd7 12. Be2 0-0 13. b4 Rac8 14. 0-0 g5 15. Rac1 g4 16. Ne1 Qg5 17. Nd3 Nf6 18. Nf4 h5 19. b5 h4 20. bxc6 Rxc6 21. Qa5 Rxc1 22. Rxc1 g3 23. Bf3 gxf2+ 24. Kxf2 Re8 25. Qxa7 Be4 26. Qxb7 Ng4+ 27. Bxg4 Qxg4 28. a4 h3 29. Qb5 Ra8 30. Qe2 Qxe2+ 31. Kxe2 hxg2 32. Nxg2 Rxa4 33. Nf4 Ra2+ 34. Kf1 Rxh2 35. Rc5 Kg7 36. Nxd5 f5 37. Nf4 Kf6 38. Rc8 Ra2 39. Rg8 Kf7 40. Rg5 Kf6 41. Rg6+ Kf7 42. Rh6 Ra1+ 43. Kf2 Ra2+ 44. Ke1 Ra1+ 45. Kd2 Ra2+ 46. Kc1 Rc2+ 47. Kd1 Rb2 48. Rh3 Kf6 49. Rg3 Ra2 50. Ke1 Ke7 51. Rh3 Kf6 52. Rg3 Ke7 53. Ne2 Rb2 54. Nc3 Bd3 55. Rf3 Kd6 56. Rf2 Rb3 57. Nd1 Be4 58. Rb2 Ra3 59. Ke2 f4 60. exf4 Bf3+ 61. Kd2 Bxd1 62. Kxd1 Rf3 63. Ke2 Rxf4 1/2-1/2

[Event "Marseille Christmas"]
[Site "Marseille"]
[Date "2021.12.30"]
[Round "9"]
[White "Flear, Glenn C"]
[Black "Ivanovic, Marko"]
[Result "1/2-1/2"]
[WhiteElo "2424"]
[BlackElo "2317"]
[PlyCount "114"]
[EventDate "2021.12.26"]
[EventType "tourn"]
[EventRounds "9"]
[EventCountry "FRA"]
[EventCategory "6"]
[SourceTitle "CBM 206 Extra"]
[Source "ChessBase"]
[SourceDate "2022.03.31"]
[SourceVersion "1"]
[SourceVersionDate "2022.03.31"]
[SourceQuality "1"]

1. d4 Nf6 2. c4 e6 3. Nf3 Bb4+ 4. Nbd2 b6 5. a3 Bxd2+ 6. Qxd2 Bb7 7. e3 0-0 8. Be2 d5 9. cxd5 exd5 10. b4 Nbd7 11. Bb2 Ne4 12. Qd1 c5 13. dxc5 bxc5 14. 0-0 Rc8 15. bxc5 Ndxc5 16. Rc1 Qb6 17. Rb1 Qh6 18. Bd4 Bc6 19. Bxc5 Nxc5 20. Qd4 Qd6 21. Rfc1 Bd7 22. Qe5 Qxe5 23. Nxe5 Bf5 24. Rb4 a5 25. Rd4 Ne4 26. Nc6 Rc7 27. Rxd5 Be6 28. Rxa5 Rfc8 29. f3 Nd6 30. Rac5 Kf8 31. Ba6 Ra8 32. Nb4 Rca7 33. Rc6 Nf5 34. Kf2 Ne7 35. Rb6 Nd5 36. Nxd5 Bxd5 37. Be2 Rxa3 38. e4 Be6 39. Rcb1 h5 40. h4 g6 41. Kg3 Kg7 42. R1b4 Rc8 43. Rb2 Rc5 44. R6b5 Rc1 45. Rb8 Rc5 46. Bd1 Rcc3 47. Kf4 Rd3 48. Be2 Rdc3 49. Rd8 Rc5 50. Rd3 Ra1 51. Rd1 Ra3 52. Bb5 Rb3 53. Rxb3 Bxb3 54. Be2 Bxd1 55. Bxd1 f6 56. Bb3 Kh6 57. Bd5 Ra5 1/2-1/2

[Event "Marseille Christmas"]
[Site "Marseille"]
[Date "2021.12.27"]
[Round "3"]
[White "Dudognon, Thibault"]
[Black "Flear, Glenn C"]
[Result "1/2-1/2"]
[WhiteElo "2301"]
[BlackElo "2424"]
[PlyCount "89"]
[EventDate "2021.12.26"]
[EventType "tourn"]
[EventRounds "9"]
[EventCountry "FRA"]
[EventCategory "6"]
[SourceTitle "CBM 206 Extra"]
[Source "ChessBase"]
[SourceDate "2022.03.31"]
[SourceVersion "1"]
[SourceVersionDate "2022.03.31"]
[SourceQuality "1"]

1. e4 e5 2. Nf3 Nc6 3. Bb5 a6 4. Bxc6 dxc6 5. 0-0 Bd6 6. d4 exd4 7. Qxd4 f6 8. Be3 Be6 9. Nbd2 Ne7 10. Qc3 0-0 11. Nc4 Bxc4 12. Qxc4+ Kh8 13. Rad1 Qe8 14. Bc5 Nc8 15. Rfe1 Bxc5 16. Qxc5 Nd6 17. e5 fxe5 18. Nxe5 Qh5 19. f3 Rae8 20. Nd3 Qxc5+ 21. Nxc5 Kg8 22. Kf2 Kf7 23. b3 a5 24. g4 h6 25. h4 Rxe1 26. Rxe1 Rd8 27. c4 b5 28. Ne6 Re8 29. Nd4 Rxe1 30. Kxe1 bxc4 31. Nxc6 cxb3 32. axb3 Nb7 33. Kd2 Ke6 34. Kc3 Kd5 35. Ne7+ Ke5 36. Nf5 Kf4 37. Nxg7 Kxf3 38. g5 hxg5 39. hxg5 Kg4 40. Ne6 Kf5 41. Nxc7 Nc5 42. Kc4 Nxb3 43. Kxb3 Kxg5 44. Ka4 Kf5 45. Kxa5 1/2-1/2

[Event "La Plagne op 1st"]
[Site "La Plagne"]
[Date "2021.08.04"]
[Round "4.1"]
[White "Flear, Glenn C"]
[Black "Genzling, Alain"]
[Result "1-0"]
[WhiteElo "2430"]
[BlackElo "2384"]
[PlyCount "107"]
[EventDate "2021.08.02"]
[EventType "swiss"]
[EventRounds "9"]
[EventCountry "FRA"]
[SourceTitle "EXT 2023"]
[Source "ChessBase"]
[SourceDate "2022.10.05"]
[SourceVersion "1"]
[SourceVersionDate "2022.10.05"]
[SourceQuality "1"]

1. d4 Nf6 2. c4 e6 3. Nc3 Bb4 4. Qc2 0-0 5. a3 Bxc3+ 6. Qxc3 Ne4 7. Qc2 d5 8. e3 c5 9. dxc5 a5 10. Nf3 a4 11. cxd5 exd5 12. Bd2 Na6 13. Bb4 Bf5 14. Bd3 b6 15. Nd4 bxc5 16. Nxf5 cxb4 17. Bxe4 dxe4 18. 0-0 Re8 19. Qxa4 Qf6 20. Nd4 Nc5 21. Qxb4 Nd3 22. Qd2 Ne5 23. Rfc1 Rad8 24. Qe2 Rd5 25. Rc7 Nd3 26. Rf1 Qh4 27. f3 Ne5 28. Nf5 exf3 29. Qc2 Qd8 30. Ne7+ Rxe7 31. Rc8 fxg2 32. Rxd8+ Rxd8 33. Qxg2 Re6 34. Qe2 Red6 35. Qb5 Rg6+ 36. Kh1 f6 37. Qb3+ Kh8 38. Rd1 Rg8 39. Rg1 Ng4 40. h3 Nf2+ 41. Kh2 Rh6 42. Rg3 Ne4 43. Rg4 f5 44. Rg2 Rf6 45. Qd5 g5 46. Qe5 Rgf8 47. b4 Kg7 48. a4 Kg6 49. a5 Rd8 50. b5 Nd2 51. Rf2 Ne4 52. Rc2 Rd3 53. b6 Rb3 54. Rb2 1-0

[Event "Vaujany op 12th"]
[Site "Vaujany"]
[Date "2021.07.20"]
[Round "6"]
[White "Bournel, Antoine"]
[Black "Flear, Glenn C"]
[Result "0-1"]
[WhiteElo "2293"]
[BlackElo "2433"]
[PlyCount "92"]
[EventDate "2021.07.15"]
[EventType "swiss"]
[EventRounds "9"]
[EventCountry "FRA"]
[SourceTitle "EXT 2022"]
[Source "ChessBase"]
[SourceDate "2021.10.06"]
[SourceVersion "1"]
[SourceVersionDate "2021.10.06"]
[SourceQuality "1"]

1. d4 d5 2. c4 e6 3. Nf3 c6 4. Nc3 dxc4 5. a4 Bb4 6. e4 b5 7. Be2 Nf6 8. Qc2 Bb7 9. Bg5 Qb6 10. Bxf6 gxf6 11. 0-0 Nd7 12. b3 cxb3 13. Qxb3 Bxc3 14. Qxc3 a5 15. Rfc1 b4 16. Qe3 Rc8 17. Rd1 Ba6 18. Bxa6 Qxa6 19. Rac1 Rg8 20. Nd2 Nb6 21. Ra1 Ke7 22. Nb3 Nd7 23. Rac1 Qb6 24. Rc2 Rg5 25. Rdc1 Kf8 26. h4 Rg4 27. g3 Kg7 28. Qf3 Rg6 29. Kg2 h6 30. Qe2 Kh7 31. Qh5 Qa6 32. Qf3 Kg7 33. Qf4 Qa8 34. Qd6 Nb6 35. h5 Rg5 36. f4 Rg4 37. Kh3 f5 38. exf5 exf5 39. Rc5 Nd5 40. Nxa5 Re8 41. Rxc6 Qxa5 42. Ra6 Qd8 43. Qxh6+ Kg8 44. Rd6 Qe7 45. Rg1 Nxf4+ 46. gxf4 Qh4# 0-1

[Event "Vaujany op 12th"]
[Site "Vaujany"]
[Date "2021.07.18"]
[Round "4"]
[White "Real, Thibault"]
[Black "Flear, Glenn C"]
[Result "0-1"]
[WhiteElo "2223"]
[BlackElo "2433"]
[PlyCount "40"]
[EventDate "2021.07.15"]
[EventType "swiss"]
[EventRounds "9"]
[EventCountry "FRA"]
[SourceTitle "EXT 2022"]
[Source "ChessBase"]
[SourceDate "2021.10.06"]
[SourceVersion "1"]
[SourceVersionDate "2021.10.06"]
[SourceQuality "1"]

1. Nf3 d5 2. e3 Nf6 3. c4 e6 4. b3 c5 5. Bb2 Nc6 6. cxd5 exd5 7. Be2 Be7 8. 0-0 0-0 9. d4 Ne4 10. Nc3 Bf6 11. Na4 Bg4 12. Rb1 cxd4 13. Nxd4 Bxd4 14. Bxg4 Bxb2 15. Rxb2 b5 16. Nc5 Nxc5 17. Rc2 Qd6 18. Qc1 Ne5 19. Rxc5 Nxg4 20. Rc6 Qxh2# 0-1

[Event "Mulhouse IM"]
[Site "Mulhouse"]
[Date "2021.06.26"]
[Round "4"]
[White "Flear, Glenn C"]
[Black "Riff, Vincent"]
[Result "1/2-1/2"]
[WhiteElo "2433"]
[BlackElo "2405"]
[PlyCount "28"]
[EventDate "2021.06.26"]
[EventType "tourn"]
[EventRounds "9"]
[EventCountry "FRA"]
[EventCategory "5"]
[SourceTitle "CBM 203 Extra"]
[Source "ChessBase"]
[SourceDate "2021.09.30"]
[SourceVersion "1"]
[SourceVersionDate "2021.09.30"]
[SourceQuality "1"]

1. d4 d5 2. c4 e6 3. Nc3 c5 4. cxd5 exd5 5. dxc5 d4 6. Na4 b6 7. cxb6 axb6 8. e3 Bd7 9. b3 Bb4+ 10. Bd2 dxe3 11. fxe3 Bxa4 12. bxa4 Bxd2+ 13. Qxd2 Qxd2+ 14. Kxd2 Nf6 1/2-1/2